The story of a seaside village/ (Record no. 189069)

MARC details
000 -LEADER
fixed length control field 00499nam a22001937a 4500
005 - DATE AND TIME OF LATEST TRANSACTION
control field 20220611144929.0
010 ## - LCCN (DPL NO)
LC control number A-947604
020 ## - INTERNATIONAL STANDARD BOOK NUMBER
International Standard Book Number 8125015442
035 ## - SYSTEM CONTROL NUMBER
System control number A-947604
037 ## - SOURCE OF ACQUISITION
Source of stock number/acquisition DBAD/PUB
082 ## - DEWEY DECIMAL CLASSIFICATION NUMBER
Classification number S
100 ## - MAIN ENTRY--PERSONAL NAME
Personal name Meeran,Thoppil Mohammad
245 ## - TITLE STATEMENT
Title The story of a seaside village/
Statement of responsibility, etc by Thoppil mohammad meeran
260 ## - PUBLICATION, DISTRIBUTION, ETC. (IMPRINT)
Place of publication, distribution, etc Mumbai
Name of publisher, distributor, etc Orient Longman Limited
Date of publication, distribution, etc 1998
300 ## - PHYSICAL DESCRIPTION
Extent 172p.
Dimensions 22cm(pbk)
500 ## - GENERAL NOTE
General note Glossary
700 ## - ADDED ENTRY--PERSONAL NAME
Personal name M.Vijaylakshmi
942 ## - ADDED ENTRY ELEMENTS (KOHA)
Source of classification or shelving scheme Dewey Decimal Classification
Item type English Books
Call number suffix MEE
Classification part S
Holdings
Withdrawn status Lost status Not for loan Collection code Home library Current library Date acquired Cost, normal purchase price Full call number Barcode Koha item type
      Fiction Shahdara Branch Shahdara Branch 11/06/2022 0.00 S MEE A-947604 Children Books

© Delhi Public Library
Hit Counter
free hit counter